00846nam a22001817a 450000500170000000800410001702000150005808200190007310000320009224500570012425000170018126000330019830000200023150000060025150400410025750503430029865000230064120231102152004.0161014s1989 mx a|||| |||| 00| 0 spa d a9681829751 a658.04 bM553a aMercado H., Salvadoreautor aAdministración aplicadab : teoría y práctica  a2 Edición  aMéxicob : Limusac , 1989 a1125 páginas  a  aIncluye bibliografía (pp.546-1125) aCoordinación La dirección Toma de decisicones Mando y disciplina Delegación de autoridad Motivación Relaciones humanas Comunicación La supervisión El control en la administración La gerencia El éxito en la gerencia La teoría y la práctica gerencial La gerencia y la productividad Los sistemas de administración 14aTOMA DE DECISIONES